Normal view
MARC view
- Hondzo, Midhat.
Entry Personal Name
001 - CONTROL NUMBER
- control field: 10729
003 - CONTROL NUMBER IDENTIFIER
- control field: NUST
005 - DATE AND TIME OF LATEST TRANSACTION
- control field: 20180601062859.0
008 - FIXED-LENGTH DATA ELEMENTS
- fixed length control field: 180601|| aca||aabn | a|a d
040 ## - CATALOGING SOURCE
- Original cataloging agency: NUST
- Transcribing agency: NUST
100 ## - HEADING--PERSONAL NAME
- Personal name: Hondzo, Midhat.
670 ## - SOURCE DATA FOUND
- Source citation: Work cat.: (NUST)0: Potter, Merle C. 3288, Mechanics of fluids , c2002.
